| 000 | 01232nam a2200313Ia 4500 | ||
|---|---|---|---|
| 001 | ebr10251526 | ||
| 003 | CaPaEBR | ||
| 006 | m u | ||
| 007 | cr cn||||||||| | ||
| 008 | 071116s2008 enk sb 000 0 eng d | ||
| 010 | _z 2007047294 | ||
| 020 | _z9781843105817 | ||
| 040 |
_aCaPaEBR _cCaPaEBR |
||
| 035 | _a(OCoLC)290685085 | ||
| 050 | 1 | 4 |
_aML3920 _b.M89967 2008eb |
| 082 | 0 | 4 |
_a615.8/5154083 _222 |
| 245 | 0 | 0 |
_aMusic therapy with children and their families _h[electronic resource] / _cedited by Amelia Oldfield and Claire Flower ; foreword by Vince Hesketh. |
| 260 |
_aLondon ; _aPhiladelphia : _bJ. Kingsley Publishers, _c2008. |
||
| 300 | _a206 p. | ||
| 504 | _aIncludes bibliographical references. | ||
| 533 |
_aElectronic reproduction. _bPalo Alto, Calif. : _cebrary, _d2009. _nAvailable via World Wide Web. _nAccess may be limited to ebrary affiliated libraries. |
||
| 650 | 0 | _aMusic therapy for families. | |
| 650 | 0 | _aMusic therapy. | |
| 655 | 7 |
_aElectronic books. _2local |
|
| 700 | 1 | _aOldfield, Amelia. | |
| 700 | 1 | _aFlower, Claire. | |
| 710 | 2 | _aebrary, Inc. | |
| 856 | 4 | 0 |
_uhttp://site.ebrary.com/lib/rucke/Doc?id=10251526 _zAn electronic book accessible through the World Wide Web; click to view |
| 999 |
_c35017 _d35017 |
||